Statistiques concernant Basketball par département

Cliquez ici pour prendre le quiz!

Statistiques générales

  • Ce quiz a été pris 275 fois
  • Le résultat moyen est 5 sur 15

Statistiques - réponses

RangDépartementNombre de clubs% Correct
3Rhône115
58%
5Loire107
54%
1Nord155
49%
8Pas-de-Calais102
39%
7Bas-Rhin104
36%
12Gironde72
35%
13Bouches du Rhône71
30%
2Loire-Atlantique152
30%
11Landes75
23%
Ille-et-Vilaine107
22%
4Maine-et-Loire110
21%
9Vendée82
20%
10Isère80
16%
14Seine-Maritime69
15%
15Puy-de-Dôme64
8%

Distribution des résultats

Percentile par nombre de réponses

% des personnes avec chaque résultat

Votre développement - résultats

Vous n’avez pas pris ce quiz